Rumbo de la Universidad: Testimonio de la Polémica /
Na minha lista:
| Autor principal: | |
|---|---|
| Outros Autores: | |
| Formato: | Livro |
| Idioma: | espanhol |
| Publicado em: |
México :
Departamento del Distrito Federal,
1973
|
| Colecção: | (Metropolitana ;
1) |
| Assuntos: | |
| Tags: |
Sem tags, seja o primeiro a adicionar uma tag!
|
MARC
| LEADER | 00000nam^a2200000^a^4500 | ||
|---|---|---|---|
| 001 | 000014194 | ||
| 005 | 20250521000000.0 | ||
| 009 | 20260310083931.789 | ||
| 037 | |a Acervo ITESO - Biblioteca | ||
| 041 | |a ESP | ||
| 082 | |a 378. |b CAS | ||
| 100 | |a Caso, Antonio |e (autor) | ||
| 245 | 1 | 0 | |a Rumbo de la Universidad: Testimonio de la Polémica / |c A. Caso; et. al. |
| 264 | 1 | |a México : |b Departamento del Distrito Federal, |c 1973 | |
| 336 | |a texto |b txt |2 rdacontenido | ||
| 337 | |a sin mediación |b n |2 rdamedio | ||
| 338 | |a volumen |b nc |2 rdasoporte | ||
| 440 | 1 | |a (Metropolitana ; |v 1) | |
| 610 | |a UNAM | ||
| 649 | |a XX | ||
| 650 | |a Filosofía de la Educación | ||
| 650 | |a Educación Superior - |z México - |x Historia | ||
| 700 | |a Lombardo Toledano, Vicente |e (autor) | ||
| 910 | |a Fondo General | ||
| 920 | |a Impresos - Libros | ||
| 930 | |a Colección General | ||
| 905 | |a 101 | ||
| 901 | |a 0141940100 |b IT1 |c ACC |i 014194 |u 20250521 | ||
| 902 | |a https://opac.biblio.iteso.mx/vufind/Record/000014194 | ||